000 00805cab a2200229 4500
001 ABS52367
008 090401t1995 xxu||||| |||| 00| 0 eng d
035 _a(Sirsi) u74907
041 _aeng
100 _aLangdon, M.
245 _aActionable nuisances and when to sue they neighbour
260 _c1995
350 _a0
490 _aProperty Week
_v50(7) 16 February 1995, 25(1)
520 _aExamines two recent decisions "Gillingham BC v Medway (Chatham) Dock Co Ltd" (Abs46448) and "Wheeler and another v JJ Saunders Ltd" (WB3101-47) which considered whether existence of a planning permission authorises a private nuisance.
650 _aPLANNING PERMISSION
650 _aPRIVATE NUISANCE
650 _aTORTS
690 _aPROPERTY LAW AND PRACTICE
942 _n0
948 _c04/03/1997
999 _c47193
_d47193